Statistics for Country Etymologys

Click here to take the quiz!

General Stats

  • This quiz has been taken 134 times
  • The average score is 12 of 24

Answer Stats

HintLanguageAnswer% Correct
Northern wayNorseNorway
86%
The SaviourSpanishEl Salvador
83%
FreeLatinLiberia
82%
Southern LandNew LatinAustralia
72%
Roman realmLatinRomania
71%
Indian IslandsGreekIndonesia
68%
Little VeniceItalianVenezuela
68%
Holy islandSanskritSri Lanka
67%
SouthSamoanTonga
56%
Sunday IslandLatinDominica
55%
Garland of islandsSanskritMaldives
47%
Look outTonganFiji
45%
Land of the PurePersianPakistan
42%
Beaded OnesPortugueseBarbados
35%
Fortress built near waterArabicKuwait
35%
ZubaraArabicQatar
35%
Settled peopleArabicOman
34%
Right Hand sideArabicYemen
33%
DepthsSpanishHonduras
27%
Land of wood and waterArawakJamaica
27%
ShrimpFrenchCameroon
26%
CloakPortugueseGabon
23%
Land of stonesShonaZimbabwe
23%
Home of the freeTurkishUzbekistan
16%

Score Distribution

Percentile by Number Answered

Percent of People with Each Score

Your Score History

You have not taken this quiz